Package of practices recommendation crops 2016 (Record no. 17539)
[ view plain ]
| 000 -LEADER | |
|---|---|
| fixed length control field | 00391nam a22001457a 4500 |
| 003 - CONTROL NUMBER IDENTIFIER | |
| control field | OSt |
| 008 - FIXED-LENGTH DATA ELEMENTS--GENERAL INFORMATION | |
| fixed length control field | 220825b |||||||| |||| 00| 0 eng d |
| 082 ## - DEWEY DECIMAL CLASSIFICATION NUMBER | |
| Classification number | 630 |
| Item number | KER/PA |
| 100 ## - MAIN ENTRY--AUTHOR NAME | |
| Personal name | Kerala agricultural university |
| 245 ## - TITLE STATEMENT | |
| Title | Package of practices recommendation crops 2016 |
| 250 ## - EDITION STATEMENT | |
| Edition statement | 15th |
| 260 ## - PUBLICATION, DISTRIBUTION, ETC. (IMPRINT) | |
| Place of publication | thrissur |
| Name of publisher | kerala agricultural university |
| Year of publication | 2016 |
| 300 ## - PHYSICAL DESCRIPTION | |
| Number of Pages | 393 |
| 942 ## - ADDED ENTRY ELEMENTS (KOHA) | |
| Koha item type | Books |
| Withdrawn status | Lost status | Damaged status | Collection code | Home library | Current library | Shelving location | Date acquired | Cost, normal purchase price | Full call number | Accession Number | Koha item type |
|---|---|---|---|---|---|---|---|---|---|---|---|
| Non-fiction | KAUAET | KAUAET | General Stacks | 25/08/2022 | 300.00 | 630 KER/PA | 25081 | Books | |||
| Non-fiction | KAUAET | KAUAET | General Stacks | 25/08/2022 | 300.00 | 630 KER/PA | 25082 | Books | |||
| Non-fiction | KAUAET | KAUAET | General Stacks | 25/08/2022 | 300.00 | 630 KER/PA | 25083 | Books | |||
| Non-fiction | KAUAET | KAUAET | General Stacks | 25/08/2022 | 300.00 | 630 KER/PA | 25084 | Books | |||
| Non-fiction | KAUAET | KAUAET | General Stacks | 25/08/2022 | 300.00 | 630 KER/PA | 25085 | Books |
